000 00507nam a22001697a 4500
005 20240308143735.0
008 240308b |||||||| |||| 00| 0 eng d
022 _a02577747
041 _aAfrikaans / English
082 _a349 TYD
100 _lAfrikaans / English
245 _aTydskrif vir die Suid-Afrikaanse Reg
260 _aKaapstad :
_bJuta en Kie Beperk,
_c1995
300 _b191 blaadsye ;
_c25 cm.
650 _aLegal practice
_bLaw
942 _cCR
_6LSN_2023_748000000000000
999 _c1432
_d1432